000 00684nam a2200205 4500
003 OSt
005 20240715024724.0
006 a
008 240715b |||||||| |||| 00| 0 eng d
020 _a9780226558271
040 _aDWCL-Main lib.
_cOC
082 _aCirc. 591.56015118 M113m 2007
100 _aMcElreath, Richard
245 _aMathematical models of social evolution: a guide for the perplexed /
260 _aChicago:
_bThe University of Chicago Press,
_cc2007.
300 _axiii,
_b414 p. : ill. ;
_c23 cm.
504 _aIncludes bibliographical references and index.
650 _a1. Social behavior in animals-Mathematical models.
942 _2ddc
_n0
_cBK-CIRC
_kCirc.
999 _c2162
_d2162